000 00456nam a2200181Ia 4500
008 151202s9999||||xx |||||||||||||| ||und||
082 _bPNVM-52198
100 _aबोराडे रा.रं.
245 _aवरात.
260 _b---
260 _c0
300 _a0
600 _aबोराडे रा.रं.
630 _aवरात.
700 _aबोराडे रा.रं.
730 _aवरात.
942 _cBOOK
999 _c1318738
_d1318735